[Event "DEM U12/U12w 2010"]
[Site "Oberhof GER"]
[Date "2010.05.26"]
[Round "7"]
[White "Lemke, Berfîn"]
[Black "Schmekel, Florian"]
[Result "1-0"]
[Termination "normal"]
[Board "26"]
[WhiteElo "1318"]
[BlackElo "1523"]
[PlyCount "47"]
[WhiteFideId "1270578"]
[BlackFideId "12913456"]
[EventCountry "GER"]
[EventRounds "11"]
[EventType "swiss"]
[EventDate "2010.05.22"]

1. Nc3 g6 2. e4 c5 3. Bc4 Nc6 4. d3 Bg7 5. Nge2 Nf6 6. O-O O-O 7. f4 d6 8. Qe1
a6 9. a3 Bg4 10. h3 Bxe2 11. Nxe2 b5 12. Ba2 a5 13. Be3 b4 14. axb4 axb4 15. c3
bxc3 16. bxc3 Qc7 17. f5 Kh8 18. Qh4 Ne5 19. fxg6 fxg6 20. Nf4 Qd7 21. d4 cxd4
22. cxd4 Nf7 23. Bxf7 Rxa1 24. Nxg6# 1-0

[Event "DEM U12/U12w 2010"]
[Site "Oberhof GER"]
[Date "2010.05.26"]
[Round "7"]
[White "Scheinhütte, Jakob"]
[Black "Weber, Sandra"]
[Result "0-1"]
[Termination "normal"]
[Board "27"]
[WhiteElo "1582"]
[BlackElo "1350"]
[PlyCount "64"]
[WhiteFideId "24693944"]
[BlackFideId "1270049"]
[EventCountry "GER"]
[EventRounds "11"]
[EventType "swiss"]
[EventDate "2010.05.22"]

1. e4 d5 2. exd5 Nf6 3. Bb5+ Bd7 4. Bc4 Bg4 5. f3 Bf5 6. Nc3 Nbd7 7. Nge2 Nb6
8. b3 Nfxd5 9. Nxd5 Nxd5 10. Bb2 e6 11. O-O Nf6 12. Ng3 Bg6 13. Kh1 Bd6 14. f4
O-O 15. f5 exf5 16. Nxf5 Be7 17. Nxe7+ Qxe7 18. Qf3 Nd7 19. Qxb7 Nb6 20. Qc6
Be4 21. Qb5 c6 22. Qh5 Nxc4 23. bxc4 Bxc2 24. Qf3 Be4 25. Qc3 Qg5 26. Rf2 f6
27. d3 Bg6 28. Qd2 Qc5 29. h3 Bxd3 30. Rf3 Be4 31. Rg3 Qxc4 32. Qf4 Bxg2+ 0-1

[Event "DEM U12/U12w 2010"]
[Site "Oberhof GER"]
[Date "2010.05.26"]
[Round "7"]
[White "Berkov, Mikhail"]
[Black "Koch, Elisabeth"]
[Result "1-0"]
[Termination "normal"]
[Board "28"]
[WhiteElo "1840"]
[BlackElo "1370"]
[PlyCount "31"]
[WhiteFideId "24678783"]
[BlackFideId "24695068"]
[EventCountry "GER"]
[EventRounds "11"]
[EventType "swiss"]
[EventDate "2010.05.22"]

1. Nc3 e5 2. Nf3 Nc6 3. d4 exd4 4. Nxd4 Nf6 5. Bg5 Bb4 6. Nxc6 bxc6 7. Qd4 Be7
8. e4 d5 9. O-O-O Be6 10. f4 c5 11. Bb5+ Bd7 12. Bxd7+ Qxd7 13. Qe5 d4 14. Bxf6
gxf6 15. Qd5 Qe6 16. Qxa8+ 1-0

[Event "DEM U12/U12w 2010"]
[Site "Oberhof GER"]
[Date "2010.05.26"]
[Round "7"]
[White "Böhm, Jana"]
[Black "Bardosch, Karl"]
[Result "0-1"]
[Termination "normal"]
[Board "29"]
[WhiteElo "1298"]
[BlackElo "1450"]
[PlyCount "102"]
[WhiteFideId "24661589"]
[BlackFideId "24696480"]
[EventCountry "GER"]
[EventRounds "11"]
[EventType "swiss"]
[EventDate "2010.05.22"]

1. e4 c5 2. Nf3 d6 3. d4 cxd4 4. Nxd4 Nf6 5. Nc3 a6 6. f3 e6 7. Be3 Be7 8. Qd2
b5 9. Bd3 Bb7 10. O-O-O Nbd7 11. g4 O-O 12. g5 Nh5 13. Be2 g6 14. h4 Rc8 15.
Rh2 Qb6 16. Nb3 Qc7 17. Qd3 Rfd8 18. f4 Nb6 19. Bxh5 gxh5 20. Bxb6 Qxb6 21. f5
Kh8 22. f6 Bf8 23. Qe2 Rc4 24. e5 dxe5 25. Rxd8 Qxd8 26. Qxe5 Rg4 27. Rd2 Rg1+
28. Rd1 Rxd1+ 29. Nxd1 Qd6 30. Qe3 Qb4 31. Qg3 Bd6 32. Qd3 Bf4+ 33. Kb1 Qd6 34.
Qe2 Qe5 35. Qd3 Qd5 36. Qe2 Qf3 37. Qxf3 Bxf3 38. Nc3 Bg3 39. Nc5 b4 40. N3e4
Bxe4 41. Nxe4 Bxh4 42. Kc1 h6 43. gxh6 Kh7 44. Kd2 Kxh6 45. Kd3 Kg6 46. Kc4 Be1
47. a3 h4 48. axb4 h3 49. Nc5 h2 50. Nxa6 h1=Q 51. Kc5 Bf2+ 0-1

[Event "DEM U12/U12w 2010"]
[Site "Oberhof GER"]
[Date "2010.05.26"]
[Round "7"]
[White "Hartmann, Jakob"]
[Black "Kempe, Anne"]
[Result "1-0"]
[Termination "normal"]
[Board "30"]
[WhiteElo "1402"]
[BlackElo "1369"]
[PlyCount "61"]
[WhiteFideId "12918067"]
[BlackFideId "12918083"]
[EventCountry "GER"]
[EventRounds "11"]
[EventType "swiss"]
[EventDate "2010.05.22"]

1. e4 c5 2. Nf3 d6 3. d4 cxd4 4. Nxd4 Nf6 5. Nc3 g6 6. f3 Bg7 7. Be3 O-O 8. Qd2
Nc6 9. Bc4 Bd7 10. Bb3 Rc8 11. g4 Ne5 12. h4 b5 13. h5 b4 14. Nd1 a5 15. hxg6
Nc4 16. gxh7+ Kh8 17. Bxc4 Rxc4 18. Nf5 Bxf5 19. gxf5 Qc7 20. Bh6 Ne8 21. Bxg7+
Nxg7 22. Ne3 Rc5 23. Nd5 Qd8 24. f6 exf6 25. Rg1 Ne6 26. Qh6 Ng5 27. O-O-O Rxd5
28. Rxd5 Ne6 29. Rxd6 Qxd6 30. Qxf6+ Kxh7 31. Qh4# 1-0

[Event "DEM U12/U12w 2010"]
[Site "Oberhof GER"]
[Date "2010.05.26"]
[Round "7"]
[White "Nobis, Anna"]
[Black "Pfreundt, Jakob"]
[Result "1-0"]
[Termination "normal"]
[Board "31"]
[WhiteElo "1428"]
[BlackElo "1297"]
[PlyCount "115"]
[WhiteFideId "1270302"]
[BlackFideId "12918156"]
[EventCountry "GER"]
[EventRounds "11"]
[EventType "swiss"]
[EventDate "2010.05.22"]

1. e4 d5 2. exd5 Nf6 3. Nc3 Nxd5 4. Bc4 Nb6 5. Bb3 Nc6 6. Nf3 Bf5 7. d4 e6 8.
O-O a5 9. a4 Bd6 10. Re1 O-O 11. Bg5 Qd7 12. Nh4 Be7 13. Bxe7 Nxe7 14. Nxf5
Nxf5 15. d5 exd5 16. Nxd5 Nxd5 17. Bxd5 c6 18. Be4 Qc8 19. Qh5 g6 20. Qg5 Ng7
21. Ra3 Re8 22. Kf1 Qc7 23. h4 Re5 24. Qf6 Nh5 25. Qf3 Rae8 26. Rae3 R8e6 27.
Bd3 Rxe3 28. Rxe3 Rf6 29. Qh3 Qf4 30. Qf3 Qxh4 31. Re8+ Kg7 32. Qe3 Nf4 33. f3
Qh1+ 34. Kf2 Qxg2+ 35. Ke1 Nxd3+ 36. Qxd3 Qxf3 37. Qd4 Qf1+ 38. Kd2 Qf4+ 39.
Qxf4 Rxf4 40. b3 b5 41. axb5 cxb5 42. Ra8 a4 43. bxa4 bxa4 44. Kc3 a3 45. Kb3
Rf2 46. c4 a2 47. c5 Kf6 48. c6 Ke6 49. c7 a1=Q 50. c8=Q+ Kf6 51. Rxa1 Rf3+ 52.
Kb4 Rf4+ 53. Kc5 Rf5+ 54. Kd6 Rf2 55. Qc3+ Kf5 56. Ra5+ Kg4 57. Ra4+ Kh5 58.
Qh3+ 1-0

[Event "DEM U12/U12w 2010"]
[Site "Oberhof GER"]
[Date "2010.05.26"]
[Round "7"]
[White "Gaßmann, Linda"]
[Black "Greif, Gavin"]
[Result "1/2-1/2"]
[Termination "normal"]
[Board "32"]
[WhiteElo "1862"]
[BlackElo "1678"]
[PlyCount "48"]
[WhiteFideId "12900451"]
[BlackFideId "24662429"]
[EventCountry "GER"]
[EventRounds "11"]
[EventType "swiss"]
[EventDate "2010.05.22"]

1. e4 e5 2. Nf3 Nc6 3. d4 exd4 4. Nxd4 Bc5 5. Nxc6 Qf6 6. Qe2 dxc6 7. Nc3 Be6
8. Be3 Bb4 9. Bd2 Ne7 10. Qe3 h6 11. Bd3 Bd6 12. O-O-O b5 13. f4 Bg4 14. e5 Qe6
15. exd6 Bxd1 16. Qxe6 fxe6 17. Rxd1 cxd6 18. Re1 Kd7 19. Ne2 Rhf8 20. Nd4 Rf6
21. g3 Nf5 22. Nxf5 exf5 23. Bc3 Rf7 24. Kd2 a5 1/2-1/2

[Event "DEM U12/U12w 2010"]
[Site "Oberhof GER"]
[Date "2010.05.26"]
[Round "7"]
[White "Bykov, Ilya"]
[Black "Müller, Max"]
[Result "1-0"]
[Termination "normal"]
[Board "33"]
[WhiteElo "1477"]
[BlackElo "1365"]
[PlyCount "58"]
[WhiteFideId "12918059"]
[BlackFideId "12900486"]
[EventCountry "GER"]
[EventRounds "11"]
[EventType "swiss"]
[EventDate "2010.05.22"]

1. e4 c5 2. d4 cxd4 3. c3 dxc3 4. Nxc3 Nc6 5. Nf3 d6 6. Bc4 Bg4 7. Bxf7+ Kxf7
8. Ng5+ Ke8 9. Qxg4 Nf6 10. Qe2 h6 11. Nf3 e5 12. O-O Be7 13. Be3 Qd7 14. Rfd1
g5 15. Bc5 a6 16. Rd2 Rd8 17. Rad1 Qe6 18. Bb6 Rd7 19. Nd5 Kf7 20. Nc7 Qg4 21.
Qc4+ Kg7 22. Ne6+ Kh7 23. h3 Qh5 24. Nc5 d5 25. exd5 Bxc5 26. Bxc5 e4 27. dxc6
Rxd2 28. Rxd2 exf3 29. gxf3 Qxh3 1-0

[Event "DEM U12/U12w 2010"]
[Site "Oberhof GER"]
[Date "2010.05.26"]
[Round "7"]
[White "Borukhson, David"]
[Black "Böhme, Mathis"]
[Result "1-0"]
[Termination "normal"]
[Board "34"]
[WhiteElo "1414"]
[BlackElo "1080"]
[PlyCount "67"]
[BlackFideId "12900443"]
[EventCountry "GER"]
[EventRounds "11"]
[EventType "swiss"]
[EventDate "2010.05.22"]

1. e4 d5 2. exd5 Nf6 3. d4 Nxd5 4. Nf3 Bf5 5. Bd3 Qd7 6. Ne5 Qe6 7. O-O Nd7 8.
Re1 Bxd3 9. Qxd3 f6 10. Nf3 Qc6 11. c4 N5b6 12. b3 O-O-O 13. Qc3 g5 14. d5 Qd6
15. Re6 Nxd5 16. cxd5 Qxd5 17. Re1 g4 18. Nd4 Ne5 19. Be3 Ng6 20. g3 e5 21. Ne2
f5 22. Rc1 c6 23. Bg5 Rd6 24. Nd2 a6 25. Be3 f4 26. gxf4 Nh4 27. Kf1 Qh1+ 28.
Ng1 Qg2+ 29. Ke2 Rg8 30. Qxe5 g3 31. Qe8+ Rd8 32. Qe6+ Kc7 33. Qxg8 Be7 34.
Qxg3 1-0

[Event "DEM U12/U12w 2010"]
[Site "Oberhof GER"]
[Date "2010.05.26"]
[Round "7"]
[White "Blösch, Christoph"]
[Black "Mann, Johannes"]
[Result "0-1"]
[Termination "normal"]
[Board "35"]
[WhiteElo "1332"]
[BlackElo "1657"]
[PlyCount "82"]
[WhiteFideId "12918121"]
[BlackFideId "24691380"]
[EventCountry "GER"]
[EventRounds "11"]
[EventType "swiss"]
[EventDate "2010.05.22"]

1. e4 d6 2. d4 Nf6 3. Nc3 g6 4. Nf3 Bg7 5. Be2 O-O 6. Be3 e5 7. d5 Ne8 8. Nd2
f5 9. O-O f4 10. Bxa7 Rxa7 11. Nb5 Ra8 12. Bg4 h5 13. Bxc8 Qxc8 14. Nf3 Qd8 15.
c4 Na6 16. Qc2 g5 17. Ne1 g4 18. a3 f3 19. g3 h4 20. Rc1 hxg3 21. fxg3 Qf6 22.
b4 b6 23. Nd3 Bh6 24. Rce1 Qe7 25. Nf2 Qd7 26. Qb1 Kh7 27. Qc2 Rh8 28. Nd1 Kg8
29. Qf2 Qh7 30. h3 Be3 31. Qxe3 Qxh3 32. Qg5+ Ng7 33. Kf2 Qg2+ 34. Ke3 Qxg3 35.
Kd2 Rh2+ 36. Kc1 Nxb4 37. Kb1 Nd3 38. Re3 Qg2 39. Nbc3 Qc2+ 40. Ka1 Rxa3+ 41.
Na2 Qxa2# 0-1

[Event "DEM U12/U12w 2010"]
[Site "Oberhof GER"]
[Date "2010.05.26"]
[Round "7"]
[White "Röhlich, Philipp"]
[Black "von Reppert, Marc"]
[Result "1/2-1/2"]
[Termination "normal"]
[Board "36"]
[WhiteElo "1690"]
[BlackElo "1321"]
[PlyCount "79"]
[WhiteFideId "24692832"]
[BlackFideId "12918130"]
[EventCountry "GER"]
[EventRounds "11"]
[EventType "swiss"]
[EventDate "2010.05.22"]

1. e4 e6 2. d4 d5 3. Nd2 Nf6 4. e5 Nfd7 5. f4 c5 6. c3 Nc6 7. Ne2 b6 8. Nf3 Ba6
9. Qa4 Bb7 10. Be3 Be7 11. g3 a6 12. a3 b5 13. Qc2 c4 14. Bg2 a5 15. O-O a4 16.
h3 g6 17. Kh2 Qc7 18. Nc1 O-O-O 19. Na2 Rdg8 20. Nb4 h6 21. Rf2 Rg7 22. Raf1
Rhg8 23. Qc1 Qd8 24. Qd2 g5 25. fxg5 hxg5 26. Ng1 g4 27. Bf4 gxh3 28. Bxh3 Qe8
29. Rf3 Nd8 30. Kg2 Bg5 31. Kf2 Qe7 32. Ke1 Bxf4 33. Qxf4 Qg5 34. Qxg5 Rxg5 35.
Ne2 Nf8 36. Rf6 R5g6 37. R1f3 Nh7 38. Rxg6 Rxg6 39. Rf1 Ng5 40. Bg2 1/2-1/2

[Event "DEM U12/U12w 2010"]
[Site "Oberhof GER"]
[Date "2010.05.26"]
[Round "7"]
[White "Weis, Olga"]
[Black "Gheng, Christian"]
[Result "1-0"]
[Termination "normal"]
[Board "37"]
[WhiteElo "1153"]
[BlackElo "1574"]
[PlyCount "59"]
[WhiteFideId "1270234"]
[BlackFideId "24660345"]
[EventCountry "GER"]
[EventRounds "11"]
[EventType "swiss"]
[EventDate "2010.05.22"]

1. e4 c5 2. Nf3 d6 3. Bb5+ Bd7 4. Bxd7+ Nxd7 5. c4 Ngf6 6. Nc3 e6 7. d4 cxd4 8.
Nxd4 Nc5 9. f3 Qb6 10. b3 Be7 11. O-O e5 12. Nf5 Ne6+ 13. Be3 Qd8 14. Nb5 O-O
15. Nbxd6 Nh5 16. Nxb7 Qc7 17. Nbd6 Rad8 18. Nxe7+ Qxe7 19. Nf5 Qf6 20. Qc2 Qg6
21. Ne7+ Kh8 22. Nxg6+ fxg6 23. Rad1 Rde8 24. g3 Re7 25. Rd5 Nc7 26. Bc5 Nxd5
27. cxd5 Rc8 28. Rc1 Rd7 29. Qb2 Rf7 30. Qxe5 1-0

[Event "DEM U12/U12w 2010"]
[Site "Oberhof GER"]
[Date "2010.05.26"]
[Round "7"]
[White "Niggl, Michael"]
[Black "Gerken, Frieso"]
[Result "0-1"]
[Termination "normal"]
[Board "38"]
[WhiteElo "1275"]
[BlackElo "1434"]
[PlyCount "62"]
[WhiteFideId "12918164"]
[BlackFideId "1270505"]
[EventCountry "GER"]
[EventRounds "11"]
[EventType "swiss"]
[EventDate "2010.05.22"]

1. c4 c6 2. Nc3 d5 3. cxd5 cxd5 4. d4 Bf5 5. Nf3 Nc6 6. Bf4 Nf6 7. e3 e6 8. Bb5
Rc8 9. O-O a6 10. Bd3 Bxd3 11. Qxd3 Bb4 12. a3 Bxc3 13. bxc3 Na5 14. Rfc1 Nb3
15. Rab1 Nxc1 16. Rxc1 Qa5 17. c4 Qa4 18. Ne5 Nh5 19. Bg3 f6 20. Nf3 Rxc4 21.
Rb1 O-O 22. h3 Nxg3 23. fxg3 Qc2 24. Qxc2 Rxc2 25. Rxb7 Rfc8 26. Rb6 R8c6 27.
Rb8+ Kf7 28. Rb7+ Rc7 29. Rb6 R2c6 30. Rb2 Rc3 31. Kf2 Rxa3 0-1

[Event "DEM U12/U12w 2010"]
[Site "Oberhof GER"]
[Date "2010.05.26"]
[Round "7"]
[White "Wendland, Tobias"]
[Black "Wanner, Lukas"]
[Result "1-0"]
[Termination "normal"]
[Board "39"]
[WhiteElo "1630"]
[BlackElo "1309"]
[PlyCount "113"]
[WhiteFideId "24662267"]
[BlackFideId "12918148"]
[EventCountry "GER"]
[EventRounds "11"]
[EventType "swiss"]
[EventDate "2010.05.22"]

1. d4 d5 2. c4 c6 3. Nc3 Nf6 4. Bg5 a6 5. e3 b5 6. cxd5 cxd5 7. Nf3 Bg4 8. Be2
e6 9. O-O Bd6 10. Rc1 Nbd7 11. h3 Bh5 12. Qd2 Rc8 13. Rc2 O-O 14. Rfc1 h6 15.
Bxf6 Nxf6 16. Nxd5 Rxc2 17. Nxf6+ Qxf6 18. Qxc2 Ra8 19. Qc6 Qd8 20. Qc2 Bg6 21.
Bd3 Bxd3 22. Qxd3 Rc8 23. Rc2 Rc7 24. e4 Qc8 25. Rxc7 Qxc7 26. Qc3 Qxc3 27.
bxc3 Ba3 28. Nd2 Bb2 29. Nb1 Kf8 30. Kf1 a5 31. Ke2 Bc1 32. Kd3 Bg5 33. f3 Ke8
34. c4 b4 35. d5 exd5 36. cxd5 Bd8 37. Kc4 Kd7 38. Nd2 Kd6 39. Kb5 Ke5 40. Nb3
Kf4 41. Nxa5 Kg3 42. d6 Kxg2 43. d7 Kxh3 44. Nc6 Bf6 45. d8=Q Bxd8 46. Nxd8 h5
47. Nxf7 Kg3 48. e5 h4 49. Ng5 Kf4 50. e6 Kxg5 51. e7 Kf4 52. e8=Q Kxf3 53.
Qf7+ Kg3 54. Qxg7+ Kh2 55. Kxb4 h3 56. Qg4 Kh1 57. Qxh3+ 1-0

[Event "DEM U12/U12w 2010"]
[Site "Oberhof GER"]
[Date "2010.05.26"]
[Round "7"]
[White "Trotzke, Johannes"]
[Black "Kluge, Leyla"]
[Result "1/2-1/2"]
[Termination "normal"]
[Board "40"]
[WhiteElo "1357"]
[BlackElo "1199"]
[PlyCount "117"]
[WhiteFideId "12918105"]
[BlackFideId "12918172"]
[EventCountry "GER"]
[EventRounds "11"]
[EventType "swiss"]
[EventDate "2010.05.22"]

1. e4 c5 2. d4 cxd4 3. c3 dxc3 4. Nxc3 Nc6 5. Nf3 g6 6. Bc4 Bg7 7. O-O Nf6 8.
Qe2 O-O 9. Bf4 d6 10. Rfd1 Bg4 11. Qe3 Qb6 12. Qe2 Bxf3 13. Qxf3 Nd4 14. Qd3
Nc6 15. Be3 Qc7 16. Rac1 Ne5 17. Nb5 Nxd3 18. Nxc7 Nxc1 19. Nxa8 Rxa8 20. Rxc1
Nxe4 21. Bd5 Nc5 22. Bxc5 dxc5 23. Rxc5 Rd8 24. Kf1 Bxb2 25. Bxb7 Rd1+ 26. Ke2
Rd6 27. Rb5 Bd4 28. Bc8 Rf6 29. f3 Rb6 30. Rxb6 Bxb6 31. Kd3 Bc7 32. h3 Kg7 33.
Ke4 e6 34. a4 Kf6 35. Bd7 Ke7 36. Bb5 Kd6 37. Be8 f5+ 38. Kd4 Bb6+ 39. Kd3 Kc5
40. Bd7 Kd5 41. Bb5 e5 42. Bc4+ Kd6 43. Bb5 h6 44. Be8 g5 45. Bb5 Ke7 46. Bc6
h5 47. Bb5 g4 48. hxg4 hxg4 49. fxg4 e4+ 50. Ke2 fxg4 51. Bc6 e3 52. Bb5 Ke6
53. Ba6 Kf5 54. Bb7 Bc7 55. Bc6 Bf4 56. Bb7 Ke5 57. Bc8 g3 58. Bd7 Kd4 59. Bb5
1/2-1/2

[Event "DEM U12/U12w 2010"]
[Site "Oberhof GER"]
[Date "2010.05.26"]
[Round "7"]
[White "Buchberger, Tamara"]
[Black "Mierzwa, Robert"]
[Result "1/2-1/2"]
[Termination "normal"]
[Board "41"]
[WhiteElo "1088"]
[BlackElo "1345"]
[PlyCount "38"]
[BlackFideId "12918113"]
[EventCountry "GER"]
[EventRounds "11"]
[EventType "swiss"]
[EventDate "2010.05.22"]

1. d4 Nf6 2. c4 g6 3. Nc3 d5 4. Bf4 Bg7 5. cxd5 Nxd5 6. Nxd5 Qxd5 7. Bxc7 Qxd4
8. Qxd4 Bxd4 9. O-O-O Nc6 10. Rxd4 Nxd4 11. Be5 Nxe2+ 12. Bxe2 O-O 13. Kb1 Bf5+
14. Ka1 Rac8 15. Bc3 Rfd8 16. Nf3 Bd3 17. Bd1 b5 18. a3 a5 19. Ka2 a4 1/2-1/2

[Event "DEM U12/U12w 2010"]
[Site "Oberhof GER"]
[Date "2010.05.26"]
[Round "7"]
[White "Alsheimer, Lea"]
[Black "Schumann, Rabea"]
[Result "0-1"]
[Termination "normal"]
[Board "42"]
[WhiteElo "1127"]
[BlackElo "1140"]
[PlyCount "88"]
[WhiteFideId "12918180"]
[BlackFideId "12918199"]
[EventCountry "GER"]
[EventRounds "11"]
[EventType "swiss"]
[EventDate "2010.05.22"]

1. d4 d5 2. Nf3 Nc6 3. e3 Nf6 4. Bd3 Bg4 5. c4 e6 6. b3 Bb4+ 7. Nbd2 O-O 8. O-O
Qd7 9. Bb2 Rad8 10. h3 Bh5 11. g4 Bg6 12. Bxg6 hxg6 13. Ne5 Nxe5 14. dxe5 Nh7
15. f4 dxc4 16. Nxc4 Qxd1 17. Raxd1 b5 18. Rxd8 Rxd8 19. Na3 a6 20. f5 gxf5 21.
gxf5 exf5 22. Rxf5 Rd1+ 23. Kg2 Rd2+ 24. Rf2 Rxf2+ 25. Kxf2 Bxa3 26. Bxa3 Ng5
27. Kg2 Ne4 28. Bb2 Kf8 29. h4 g6 30. b4 Nd2 31. Ba1 Nc4 32. Kf3 Ke7 33. Kf4
Ke6 34. e4 a5 35. bxa5 Nxa5 36. Bc3 Nc4 37. Ba1 Nb6 38. Bd4 Na4 39. a3 c5 40.
Ba1 b4 41. axb4 cxb4 42. Ke3 b3 43. Kd2 b2 44. Bxb2 Nxb2 0-1

[Event "DEM U12/U12w 2010"]
[Site "Oberhof GER"]
[Date "2010.05.26"]
[Round "7"]
[White "Niemeyer, Maximilian"]
[Black "Azizowa, Laura"]
[Result "1-0"]
[Termination "normal"]
[Board "43"]
[WhiteElo "793"]
[BlackElo "1078"]
[PlyCount "69"]
[EventCountry "GER"]
[EventRounds "11"]
[EventType "swiss"]
[EventDate "2010.05.22"]

1. e4 e6 2. d4 d5 3. e5 c5 4. c3 Nc6 5. Nf3 Qb6 6. Be2 Bd7 7. O-O h6 8. a3 f5
9. b4 c4 10. a4 O-O-O 11. b5 Na5 12. Nh4 Ne7 13. Ba3 g5 14. Bc5 Qc7 15. Nf3 b6
16. Bb4 h5 17. Nxg5 Rg8 18. Nf7 h4 19. h3 Ng6 20. Nxd8 Qxd8 21. Bh5 Nf4 22. Bf3
Nxh3+ 23. Kh1 Nf4 24. Bxa5 bxa5 25. Qd2 Qg5 26. Rg1 Rh8 27. Na3 h3 28. g3 h2
29. Rg2 Qh6 30. Qxf4 Qxf4 31. gxf4 Rh3 32. Rxh2 Rxf3 33. Rh8 Rxf2 34. Rxf8+ Kc7
35. Ra8 1-0

[Event "DEM U12/U12w 2010"]
[Site "Oberhof GER"]
[Date "2010.05.26"]
[Round "7"]
[White "Sadjjadi, Anahita"]
[Black "Kast, Larissa"]
[Result "0-1"]
[Termination "normal"]
[Board "44"]
[WhiteElo "1016"]
[BlackElo "1136"]
[PlyCount "118"]
[BlackFideId "24699055"]
[EventCountry "GER"]
[EventRounds "11"]
[EventType "swiss"]
[EventDate "2010.05.22"]

1. e4 e5 2. Nf3 Nc6 3. Bb5 a6 4. Bxc6 dxc6 5. Nc3 Bd6 6. d3 Bg4 7. h3 Bh5 8.
O-O Qf6 9. Bg5 Qxg5 10. Nxg5 Bxd1 11. Raxd1 h6 12. Nf3 Ne7 13. d4 exd4 14. Rxd4
O-O-O 15. e5 Bc5 16. Rc4 Ba7 17. Rf4 Rhf8 18. Rg4 g6 19. Re4 Rg8 20. e6 f6 21.
Rd1 Rxd1+ 22. Nxd1 Rd8 23. Ne3 Bxe3 24. fxe3 Rd6 25. c4 Kd8 26. c5 Rd5 27. Rf4
Rf5 28. Rd4+ Rd5 29. Nh4 Rxd4 30. exd4 g5 31. Nf3 Nd5 32. Kf2 Ke7 33. Kg3 Kxe6
34. Kg4 Kf7 35. Kf5 Ne3+ 36. Ke4 Nxg2 37. d5 cxd5+ 38. Kxd5 Nf4+ 39. Kd4 Nxh3
40. Ke3 Nf4 41. Nd4 Ne6 42. c6 b6 43. Nf5 h5 44. Ke4 Ng7 45. Ng3 Ke6 46. Kf3
Ke5 47. a4 g4+ 48. Ke3 Nf5+ 49. Nxf5 Kxf5 50. Kf2 Kf4 51. Kg2 h4 52. b4 h3+ 53.
Kh2 f5 54. a5 b5 55. Kg1 g3 56. Kf1 Kf3 57. Kg1 g2 58. Kh2 Kf2 59. Kxh3 g1=Q
0-1

[Event "DEM U12/U12w 2010"]
[Site "Oberhof GER"]
[Date "2010.05.26"]
[Round "7"]
[White "Lamottke, Svenja"]
[Black "Sherif, Amina"]
[Result "0-1"]
[Termination "normal"]
[Board "45"]
[WhiteElo "963"]
[BlackElo "1081"]
[PlyCount "126"]
[WhiteFideId "12918229"]
[BlackFideId "12911690"]
[EventCountry "GER"]
[EventRounds "11"]
[EventType "swiss"]
[EventDate "2010.05.22"]

1. d4 d5 2. c4 c6 3. Nc3 Nf6 4. Nf3 Nbd7 5. Bg5 e6 6. e3 Bb4 7. Be2 Qa5 8. O-O
Bxc3 9. bxc3 Qxc3 10. Rc1 Qa5 11. Qd3 Ne4 12. Bh4 O-O 13. Rc2 Re8 14. Bg3 Nxg3
15. fxg3 Nf6 16. Ne5 Qc7 17. Rb2 c5 18. Bd1 Bd7 19. Rbf2 a6 20. Bc2 dxc4 21.
Nxc4 Bb5 22. g4 Bxc4 23. Qxc4 Nxg4 24. g3 Nxe3 25. Qd3 Nxf1 26. Qxh7+ Kf8 27.
Qh8+ Ke7 28. Qh4+ f6 29. Rxf1 cxd4 30. Qxd4 Qxc2 31. Qb4+ Kf7 32. Qxb7+ Kf8 33.
Qb4+ Re7 34. g4 g5 35. Rxf6+ Ke8 36. Qe1 Qxa2 37. Qc1 Qd5 38. Qf1 Kd7 39. Qa1
Rh7 40. Qa4+ Kc7 41. Qc2+ Qc6 42. Qxh7+ Kb6 43. Qb1+ Kc7 44. Rf7+ Kd6 45. Qd3+
Qd5 46. Qa3+ Ke5 47. Qe3+ Kd6 48. Qa3+ Kc6 49. Qc3+ Qc5+ 50. Qxc5+ Kxc5 51.
Rc7+ Kd6 52. Rc3 a5 53. Kf2 a4 54. Ra3 Kc5 55. Ke3 Kb4 56. Ra1 a3 57. h4 gxh4
58. g5 a2 59. g6 Kb3 60. g7 Rg8 61. Rg1 Kb2 62. Rg2+ Kb3 63. Rg1 h3 0-1

[Event "DEM U12/U12w 2010"]
[Site "Oberhof GER"]
[Date "2010.05.26"]
[Round "7"]
[White "Schmid, Katharina"]
[Black "Holle, Niklas"]
[Result "1/2-1/2"]
[Termination "normal"]
[Board "46"]
[WhiteElo "1056"]
[BlackElo "1024"]
[PlyCount "64"]
[WhiteFideId "12918210"]
[EventCountry "GER"]
[EventRounds "11"]
[EventType "swiss"]
[EventDate "2010.05.22"]

1. e4 e5 2. Nf3 Nc6 3. Bc4 Nf6 4. Ng5 Nxe4 5. Nxf7 Qh4 6. O-O Rg8 7. d3 d5 8.
Bxd5 Nf6 9. Bc4 Na5 10. Nxe5 Nxc4 11. Nxc4 Bc5 12. Be3 Ng4 13. h3 Bxe3 14. Nxe3
Ne5 15. Re1 Bd7 16. Nc4 O-O-O 17. Nxe5 Bf5 18. Nc3 Rdf8 19. Qd2 Rf6 20. Re2
Bxh3 21. f3 Bxg2 22. Rxg2 Qd4+ 23. Kf1 Qxe5 24. Qe2 Qh5 25. Rh2 Qf7 26. Rf2 Rf8
27. Ke1 Re6 28. Ne4 Qf4 29. Qd2 Qg3 30. Kf1 Qh3+ 31. Ke2 Rff6 32. Kd1 Qh1+
1/2-1/2